| 000 | 01785nam0a2200421 4500 | ||
|---|---|---|---|
| 001 | RU\NLR\bibl\1770345 | ||
| 005 | 20260406025557.0 | ||
| 010 | _a978-5-397-01949-1 | ||
| 021 |
_aRU _b2011-32140 _92284 |
||
| 035 | _a(nilc)RSL-KNO-004936965 | ||
| 035 | _a(NLR Aleph) 001761128 | ||
| 090 |
_a1578998 _c1578998 |
||
| 100 | _a20110503d2011 |||y0rusy50 ca | ||
| 101 | 1 |
_arus _cfre |
|
| 102 | _aRU | ||
| 105 | _ay ||||||||| | ||
| 200 | 1 |
_aИстория и критика современных английских учений о нравственности _eLa morale anglaise contemporaine _fЖ. М. Гюйо _gпер. с фр. Н. Южина _gпод ред. Г. Фальборка, В. Чарнолуского _zfre |
|
| 205 | _aИзд. 2-е | ||
| 210 |
_aМосква _cURSS _cЛиброком _d2011 |
||
| 215 |
_a460 с. _d22 |
||
| 225 | 1 | _aИз наследия мировой философской мысли: этика | |
| 300 | _aАвт. также на фр. яз.: Jean-Marie Guyau | ||
| 320 | _aБиблиогр. в подстроч. примеч. | ||
| 510 | 0 |
_6z11790 _aMorale anglaise contemporaine _zfre |
|
| 606 | 1 |
_aЭтика _xИстория _yВеликобритания _z19 в. _9923951 _3RU\NLR\auth\66339132 |
|
| 686 |
_aЮ3(4Фр)6-648Гюйо Ж.М.-06 _2rubbk |
||
| 686 |
_aЮ3(4Вл),0 _2rubbk |
||
| 686 |
_aЮ3(71(4Вл),0 _2rubbk |
||
| 686 | _aЮ7г(4Вл)6 | ||
| 700 | 1 |
_4070 _8rus _7ca _aГюйо _bЖ. М. _f1854-1888 _gЖан Мари _3RU\NLR\auth\7716 _9110142 |
|
| 790 | 1 |
_4070 _8fre _7ba _aGuyau _bJ. M. _f1854-1888 _gJean Marie _3RU\NLR\auth\7763501 _946430 |
|
| 801 | 0 |
_aRU _bRuMoRKP _c20110503 _grcr |
|
| 801 | 1 |
_aRU _bРГБ _c20110503 |
|
| 801 | 2 |
_aRU _bNLR _c20110518 _grcr |
|
| 942 | _cBOOK | ||
| 980 | _aNB | ||
| 980 | _aNBR | ||